Coleópteros del Parque Nacional La Campana y de Chile Central
Saved in:
| Main Authors: | , , |
|---|---|
| Format: | Bog |
| Udgivet: |
Valparaíso, Chile:
Ediciones Universitarias de Valparaíso,
2013.
|
| Udgivelse: | Segunda Edición Actualizada. |
| Fag: | |
| Tags: |
Tilføj Tag
Ingen Tags, Vær først til at tagge denne postø!
|
MARC
| LEADER | 00000nam a22000007a 4500 | ||
|---|---|---|---|
| 003 | CL-VaPUC | ||
| 005 | 20250502121428.0 | ||
| 008 | 221006t2013 ||||| |||| 00| 0 eng d | ||
| 999 | |c 439101 |d 439099 | ||
| 020 | |a 9789561705180 | ||
| 040 | |c Pontificia Universidad Católica de Valparaíso | ||
| 082 | 0 | 7 | |a 595.76 SAI 2013 |2 22 |
| 100 | |a Sáiz Gutiérrez, Francisco Antonio |e autor |9 589397 | ||
| 245 | 1 | 0 | |a Coleópteros del Parque Nacional La Campana y de Chile Central |
| 250 | |a Segunda Edición Actualizada. | ||
| 260 | |a Valparaíso, Chile: |b Ediciones Universitarias de Valparaíso, |c 2013. | ||
| 300 | |a 123 páginas. | ||
| 500 | |a c.1 Donación Sr. Claudio Elórtegui R. (julio 2022) | ||
| 583 | |a last modification |c 20160505 16:04:00 |k Cristina María Rojas Aguilar | ||
| 650 | 0 | |a Coleópteros |2 CL-VaPUC |9 359563 |z Parque Nacional La Campana |z Chile Central | |
| 700 | |a Solervicens Alessandrini, Jaime |e author |9 757443 | ||
| 700 | |a Ojeda G., Patricio |e author |9 586085 | ||
| 942 | |c BK |2 ddc | ||
| 952 | |0 0 |1 0 |2 ddc |4 0 |6 595_760000000000000_SAI_2013 |7 0 |8 A |9 587108 |a BIBAGR |b BIBAGR |c GEN |d 2022-10-06 |e Donación |i 5655050 |l 4 |o 595.76 SAI 2013 |p 5655050 |r 2024-11-04 |s 2024-11-04 |t 1 |w 2022-10-06 |y BK |k AGR | ||